00787nam a2200217 a 4500008004100000020002400041245018500065260005300250300003400303504004100337500002000378650004300398650002300441700001800464700001400482700001500496740003100511003000100542005001700543040000900560  a0521442192 (cased.)00aWater transport in plants under climatic stress :bproceedings of an international workshop, held in Vallombrosa, Firenze, Italy /cedited by M. Borghetti, J. Grace, and A. Raschi. aCambridge :bCambridge University Press,c1993. axiv, 300 p. :bill. ;c24 cm. aIncludes bibliographical references. aIncludes index. 0aPlant-water relationshipsvCongresses. 0aXylemvCongresses.1 aBorghetti, M.1 aGrace, J.1 aRaschi, A.0 aWater transport in plants.20230123133135.0 cNUST